Potrebujú naši občania ombudsmana?

Bibliographic Details
Main Authors: Slovák, Emil (ain), Riha, Jaroslav (Author, uin)
Format: Article
Language:Slovak
PhysicalDescription:Fotogr.
Subjects:

MARC

LEADER 00000nab a2200000 a 4500
001 vtls000697263
003 SK-MaSNL
005 20260302181456.0
008 180205c1999 xo 0 slo
015 |a SNBRB1999/06-17963 
035 |a CLN000049430 
040 |a SNKBUCL  |b slo  |c SNKBUCL  |e AACR2 
041 0 |a slo 
044 |a xo  |c SK 
080 |a 342.6-051  |2 UDC-MRF-SK2 
100 1 |a Slovák, Emil  |4 ain  |9 838980 
245 1 0 |a Potrebujú naši občania ombudsmana?  |c Emil Slovák, Jaroslav Riha 
300 |b Fotogr. 
650 0 7 |a verejný ochranca práv  |2 snkbucl  |9 263434 
655 7 |a články z novín a časopisov  |2 snkbucl  |9 267496 
700 1 |a Riha, Jaroslav  |4 aut  |4 uin  |9 357973 
773 0 |t Fakty  |g Roč. 6, č. 27 (1999), s. 12-13 
850 |a Slovenská národná knižnica v Martine 
852 |a SNK  |b KIS3GCP 
958 |a RBX 
999 |c 1414348  |d 1416278